A history of our own times from 1880 to the Diamond Jubilee / (Record no. 159249)

MARC details
000 -LEADER
campo de control de longitud fija 00666nam a22001935i 4500
001 - NÚMERO DE CONTROL
campo de control 159249
003 - IDENTIFICADOR DE NÚMERO DE CONTROL
campo de control ES-MaACL
005 - FECHA Y HORA DE LA ÚLTIMA TRANSACCIÓN
campo de control 20250810063045.0
008 - DATOS DE LONGITUD FIJA--INFORMACIÓN GENERAL
campo de control de longitud fija 040830s1900 xxk |||| | eng d
040 ## - FUENTE DE CATALOGACIÓN
Centro catalogador/agencia de origen CAM
Lengua de catalogación spa
Centro/agencia transcriptor CAM
100 1# - ENTRADA PRINCIPAL--NOMBRE DE PERSONA
Nombre de persona McCarthy, Justin,
Fechas asociadas al nombre 1830-1912
9 (RLIN) 79526
245 12 - MENCIÓN DEL TÍTULO
Título A history of our own times from 1880 to the Diamond Jubilee /
Mención de responsabilidad, etc. by Justin McCarthy.
250 ## - MENCION DE EDICION
Mención de edición A new ed.
260 ## - PUBLICACIÓN, DISTRIBUCIÓN, ETC.
Lugar de publicación, distribución, etc. London :
Nombre del editor, distribuidor, etc. Chatto & Windus,
Fecha de publicación, distribución, etc. 1900 (
Fabricante Spottiswoode anc co.)
300 ## - DESCRIPCIÓN FÍSICA
Extensión VIII, 409 p. ;
Dimensiones 19 cm.
651 #4 - PUNTO DE ACCESO ADICIONAL DE MATERIA--NOMBRE GEOGRÁFICO
Nombre geográfico Gran Bretaña-
Subdivisión general Historia-
Subdivisión cronológica 1837-1901, Victoria.
9 (RLIN) 144250
852 ## - LOCALIZACIÓN
Ubicación ES-MaACL
Número de control de estantería G-11265
Nota libre -- Enc. tela
Holdings
Estatus retirado Estado de pérdida Estado de daño No para préstamo Colección Biblioteca de origen Biblioteca actual Ubicación en estantería Fecha de adquisición Fuente de adquisición Total de préstamos Signatura topográfica completa Código de barras Visto por última vez Precio de reemplazo Tipo de ítem Koha
        Libros del s. XIX Biblioteca del Ateneo de Madrid Biblioteca del Ateneo de Madrid Sala Pecera Planta 3 17/01/2008     G-11265 1166708 23/02/2023 23/02/2023 Libro impreso antiguo